01033 2200373 4500001002100000005001500021035002000036008004100056245003100097100001500128250000600143260003100149300003100180020002200211084001400233520021400247082000800461650001000469990001200479990001200491990001200503990001200515990001200527990001200539990001200551990001200563990001200575990001200587990001200599990001200611990001200623990001200635990001200647INLIS00000000000008520240502104512 a0010-0424000061240502 1 ind 1 aAbout Friends /cTere Liye aLiye, Tere a1 aJakarta :bGramedia,c2017 a128 hlm ;c12,5 cm x 19 cm a978-602-034-269-6 a813 TER a aPersahabatan selalu spesial. Dan sahabat terbaik selalu bersama kita hingga kapan pun. Tidak peduli meskipun jarak, sekolah, dan pekerjaan telah memisahkan. Sungguh beruntung orang-orang yang memiliki sahabat. a813 4aFiksi a0732614 a0732615 a0732616 a0732617 a0732618 a0732619 a0732620 a0732621 a0732622 a0732623 a0732624 a0732625 a0732626 a0732627 a0732628